| 000 | 00487nam a2200181Ia 4500 | ||
|---|---|---|---|
| 008 | 230711s9999||||xx |||||||||||||| ||und|| | ||
| 020 | _a978-93-392-2094-5 | ||
| 041 | _aENG | ||
| 082 |
_a4.6 _bFO-C |
||
| 100 | _aForouzan,Behrouz A | ||
| 245 | 0 | _aCryptography and networks security | |
| 250 | _a3rd Ed. | ||
| 260 |
_c2015 _aNew Delhi _bMcGraw Hill Education(India) Private Limited |
||
| 300 | _a702 | ||
| 650 | _aComputer Engineering | ||
| 700 | _aMukhopadhyay,Debdeep | ||
| 942 | _cBK | ||
| 999 |
_c5126 _d5126 |
||